000 00685nam a2200205 4500
999 _c170461
_d170461
005 20191216150538.0
010 _aENG-127145
020 _a9789353940935
_c499.00
035 _aEN-110677
037 _bDBAD/PUB
082 _a519.5
100 _aDas, Sivaramakrishna P.
245 _aStatistics and numerical methods /
_cby P. Sivaramakrishna Das [and] C. Vijayakumari
250 _a9th ed.
260 _aNoida
_bPearson India Education
_c2020
270 _a15th Floor, Tower-b, World Trade Tower, Plot No.-1, Block -C, Sector 16
_bNoida
_e201301
300 _axiii;various paging .
_c23cm(pbk)
700 _aVijayakumari, C.
942 _2ddc
_cEN
_h519.5
_mDAS